| 000 | 00385nam a22001577a 4500 | ||
|---|---|---|---|
| 003 | SGT | ||
| 020 | _a978-93-84765-73-6 | ||
| 082 |
_a610.734 _bC17K |
||
| 100 | _aKAUR SIMRAT | ||
| 245 | _aCOMMUNITY HEALTH NURSING -1 FOR GNM 1ST YEAR STUDENTS | ||
| 250 | _a1ST | ||
| 260 |
_aINDIA _bLOTUS PUB _c2017 |
||
| 300 | _a999 | ||
| 650 | _aCOMMUNITY HEALTH NURSING | ||
| 942 |
_2ddc _cBK _068 |
||
| 999 |
_c20125 _d20125 |
||